01538nam a2200349 a 4500001001000000003000500010005001700015008004100032010001100073011001100084040000900095090001000104100005100114245018300165260004100348500006000389502009600449590004100545590004000586590004000626650004100666650004200707650002900749650003200778856007000810901000700880942001000887942000600897999001900903952013100922952013501053000114033CHAP20220329144424.0171023s2017 mx sm |||||||spa d a110494 a111466 cCHAP aTesis1 aOrdoñez Rodríguez, Mitzi Yamilleth913386010aHuella hídrica física y económica de la leche bovina del sistema especializado del DR005 Delicias, Chihuahua, Méxicoh[En línea]cMitzi Yamilleth Ordoñez Rodríguez. aChapingo, Méx. :bEl autor,c2017. aPara ver el contenido del material haga clic en la liga aTesis (Ing. en Sistemas Pecuarios) -- UACH. Unidad Regional Universitaria de Zonas Áridas aBATCH-UPDb05c20171023lUCH01h0913 aE6337LMJb05c20171023lUCH01h0912 aE6337LMJb05c20171023lUCH01h091314aConsumo de aguaxMedición.913385914aLechexCostos de producción.96537114aLechexProcesado.96539914aLechexProducción.965400 aFinding aiduhttp://10.13.5.2/tesis/sist114033.pdfzTeclea aquí aBK cTESIS n0 c110494d110494 00104054718TESISaBCbBCd2017-10-23fTESISl0oTesisp114034-10r2019-12-31 00:00:00w2019-12-31yTESISzRecien adquirido 00102local4053708TESISaBCbBCcPA_TESISd2017-10-23fTESISl0oTesisp114034-20r2019-12-31 00:00:00tc.2w2019-12-31yTESIS